000 01930nam a2200457 i 4500
003 EG-GICUC
005 20260309225120.0
008 260309s2001 ua e|||fr|||| 000 0 ara d
017 _a2001/4510
020 _a977-5042-20-8
040 _a EG-GICUC
_bara
_c EG-GICUC
_d EG-GICUC
_erda
041 0 _aara
082 0 4 _221
_a341.44
_bص ل . ق
092 0 4 _221
099 _aLaw1 11 2001 341.44 ص ل . ق
100 0 _aصلاح الدين عامر ،
_eمشرف.
245 1 0 _aقانون الأنهار الدولية الجديد والمصالح العربية /
_cإشراف الدكتور صلاح الدين عامر.
264 1 _aالقاهرة :
_bمعهد البحوث والدراسات العربية ،
_c٢٠٠١ .
300 _a511 ؛ صفحة
_bيشتمل على صور وخرائط
_c24 سم
336 _2rda content
_atext
337 _2rda media
_aComputer
338 _2rda carrier
_aOnline Resource
504 _aيشتمل على ارجاعات ببليوجرافية
546 _aالنص باللغة العربية
650 1 4 _aالقانون الدولي العام
_2qrmak
650 1 4 _aالقانون الدولي البحري
650 1 4 _aالأنهار
651 1 _2qrmak
700 0 _aأحمد الرشيدي ،
_eمؤلف مشارك.
700 0 _aأحمد عبدالونيس شتا ،
_eمؤلف مشارك.
700 0 _aعصام زناني ،
_eمؤلف مشارك.
700 0 _aمحمد عزيز شكرى ،
_eمؤلف مشارك.
700 0 _aأحمد المفتي ،
_eمؤلف مشارك.
700 0 _aمحمد ولدقلي ،
_eمؤلف مشارك.
700 0 _aطارق المجذوب ،
_eمؤلف مشارك.
700 0 _aماهر ملندى ،
_eمؤلف مشارك.
700 0 _aمحمد يوسف علوان ،
_eمؤلف مشارك.
856 4 0 _uhttps://fll.law.cu.edu.eg/fulltext/bks/B11-06340.pdf
905 _a76
942 _2ddc
_cBK
_e21
_n0
999 _c65923
_d65923